01001nam a2200289Ia 4500001000700000008004100007020002200048082001400070100002800084245012800112260003200240300001100272500008900283503006300372504002700435650001600462650002100478650002200499650002200521650002500543700003500568901001400603902000600617905006300623942000600686999001900692Z_6830220601s9999 xx 000 0 und d a978-84-282-1538-1 a636.5 B37 aBassom, Frances9132621 aRazas y cría de pollos y gallinas : una guía práctica para el avicultor / Frances Bassom ; traducción Manuel Pijaon aBarcelona, España : Omega a208 p. aTitulo original de la obra en inglés: Mini encyclopedia of chicken breeds and care aej.1: consumo (sin sellos) \ ej.2: consumo \ ej.3: consumo aBibliografía: p. 207 a1. Pollos  aGallinas 944441 aRazas de pollos  aPollos -- Cría  aAves de corral98636 aPijoan, Manuel, tr.Ì9184436 a636.5 B37 aM a5232272010 sp ad 9222223322spa16 c1 c217179d217179